Tottenham Hotspur Squad 2022-2023 - Statistics

General Stats
  • This quiz has been taken 659 times
    388 since last reset
  • The average score is 21 of 31
Answer Stats
# Position Nation Player % Correct
1 GK France Hugo Lloris
99%
7 FW South Korea Heung-min Son
97%
10 FW England Harry Kane
96%
21 FW Sweden Dejan Kulusevski
90%
9 FW Brazil Richarlison
90%
5 MF Denmark Pierre-Emile Højbjerg
89%
17 DF Argentina Cristian Romero
88%
33 DF Wales Ben Davies
84%
15 DF England Eric Dier
84%
6 DF Colombia Davinson Sánchez
83%
14 MF Croatia Ivan Perišić
81%
30 MF Uruguay Rodrigo Bentancur
81%
- Coach Italy Antonio Conte
80%
12 DF Brazil Emerson Royal
78%
29 MF Senegal Pape Matar Sarr
73%
38 MF Mali Yves Bissouma
73%
27 FW Brazil Lucas Moura
72%
2 DF Ireland Matt Doherty
71%
4 MF England Oliver Skipp
69%
23 DF Spain Pedro Porro
68%
20 GK England Fraser Forster
67%
11 FW Spain Bryan Gil
59%
- Coach England Ryan Mason
52%
34 DF France Clément Lenglet
45%
40 GK England Brandon Austin
43%
16 FW Netherlands Arnaut Danjuma
42%
25 DF England Japhet Tanganga
39%
41 GK England Alfie Whiteman
38%
- Coach Italy Cristian Stellini
33%
19 MF England Ryan Sessegnon
33%
24 DF England Djed Spence
28%
No matching quizzes found
Score Distribution
Percent of People with Each Score
Percentile by Number Answered
Your Score History
You have not taken this quiz since the last reset